| 000 | 00671nam a2200205 4500 | ||
|---|---|---|---|
| 001 | 35448 | ||
| 003 | BD-RjUL | ||
| 005 | 20211209052325.0 | ||
| 008 | 140525s1968 uk ||||| |||| 001 0 eng d | ||
| 035 | _a(BD-RjUL)35542 | ||
| 040 |
_cBD-RjUL _dBD-RjUL |
||
| 082 |
_a309.54142 _bBOC 1968 |
||
| 100 |
_a Bose , Nirmal Kumar _934637 |
||
| 245 |
_aCalcutta, 1964 : _b a social survey / _c Nirmal Kumar Bose |
||
| 260 |
_aBombay : _b Lalvani Pub. House ; _c1968 |
||
| 300 |
_a 328 pages (chiefly maps) ; _c26 cm. |
||
| 650 |
_a Associations, institutions, etc. -- India -- Kolkata. _9107925 |
||
| 650 |
_a Kolkata (India) -- Social conditions. _9107926 |
||
| 942 |
_2ddc _cBK |
||
| 999 |
_c35448 _d35448 |
||